000 00834nam a2200217 a 4500
001 BRCA_1803
005 20190320203545.0
008 030903s1999 mx-a---###---#000-0#spa-d
020 _a9701829816 (v.1)
050 4 _aN910.M36
_b.C83 1999
100 1 _aCuadriello, Jaime
_94695
245 1 0 _aCatálogo comentado del acervo del Museo Nacional de Arte
_bNueva España
_cJaime Cuadriello ; con una introducción de Áurea Ruiz de Gurza.
260 _aMéxico
_bUNAM, Instituto de Investigaciones Estéticas : CONACULTA : INBA
_c2000
300 _a319 p.
_bil. (algunas a color)
_c24 cm.
500 _aColección Sonia Corcuera de Mancera
610 2 4 _aMuseo Nacional de Arte (Ciudad de México)
_xColecciones de arte
_93482
651 4 _aNueva España
_95612
700 1 _aRuiz de Gurza, Áurea
_95613
902 _aDSC
942 _2lcc
_cB
999 _c1584
_d1584